| Tag |
First Indicator |
Second Indicator |
Subfields |
| LEADER |
00000cam a2200000 i 4500 |
| 001 |
in00000354607 |
| 005 |
20151011063238.0 |
| 008 |
770922s1977 nyuk 00000 eng |
| 010 |
|
|
|a 77082702
|
| 035 |
|
|
|a (OCoLC)03170180
|
| 035 |
|
|
|9 ABN1995AM
|
| 040 |
|
|
|a DLC
|c DLC
|d TXA
|d UtOrBLW
|
| 043 |
|
|
|a n-us---
|
| 049 |
|
|
|a TXAM
|c [1591248]
|
| 050 |
0 |
0 |
|a KF6585
|b .F83
|
| 082 |
0 |
|
|a 346/.73/052
|
| 245 |
0 |
0 |
|a Fundamental concepts of estate administration, 1977 /
|c Maurice Weingold, chairman.
|
| 264 |
|
1 |
|a New York :
|b Practising Law Institute,
|c [1977]
|
| 264 |
|
4 |
|c ©1977
|
| 300 |
|
|
|a 472 pages :
|b forms ;
|c 22 cm.
|
| 336 |
|
|
|a text
|b txt
|2 rdacontent
|
| 337 |
|
|
|a unmediated
|b n
|2 rdamedia
|
| 338 |
|
|
|a volume
|b nc
|2 rdacarrier
|
| 490 |
1 |
|
|a Estate planning and administration course handbook series ;
|v no. 79
|
| 500 |
|
|
|a "Prepared for distribution at the fundamental concepts of estate administration workshop, July-August 1977."
|
| 500 |
|
|
|a "D4-2193."
|
| 650 |
|
0 |
|a Inheritance and transfer tax
|z United States.
|
| 650 |
|
0 |
|a Estate planning
|z United States.
|
| 650 |
|
0 |
|a Decedents' estates
|z United States.
|
| 700 |
1 |
|
|a Weingold, Maurice.
|
| 710 |
2 |
|
|a Practising Law Institute.
|
| 830 |
|
0 |
|a Estate planning and administration course handbook series ;
|v no. 79.
|
| 999 |
|
|
|a MARS
|
| 999 |
f |
f |
|s 2d42ad79-e711-3650-8680-7859cf019140
|i e8464145-53bf-3167-911e-ea5cf9f9f4ff
|t 0
|
| 952 |
f |
f |
|p ric
|a Texas A&M University
|b Rellis Campus
|c Joint Library Facility
|d Remote Storage
|t 0
|e KF6585 .F83
|h Library of Congress classification
|i unmediated -- volume
|m A14803193744
|
| 998 |
f |
f |
|a KF6585 .F83
|t 0
|l Remote Storage
|